| 000 | 01104nam a2200253Ia 4500 | ||
|---|---|---|---|
| 999 |
_c5854 _d5854 |
||
| 003 | OSt | ||
| 005 | 20200401114839.0 | ||
| 008 | 191128s2009 ck gr 000 0 spa d | ||
| 020 | _a9789586522168 | ||
| 040 |
_aCO-JMCR _cCO-JMCR |
||
| 041 | 0 | _aspa | |
| 082 | 0 | 4 |
_a320.9861 / _bM722d _221 |
| 100 | 1 |
_aMolina Giraldo, Jesús María, _eautor _92119 |
|
| 245 | 1 | 0 |
_aDemocracia en Colombia y poder público : _b¿es público o privado el Estado en Colombia? / _cJesús María Molina Giraldo |
| 260 |
_aBogotá : _bESAP, _c2009 |
||
| 300 |
_a155 páginas ; _c24 cm. |
||
| 504 | _aBibliografía: páginas 147-155 | ||
| 505 | 0 | _aHacia una redefinación del Estado : poder de Estado público y privado -- Evidencias y experiencias de la apropiación del poder de Estado por los poderes privados en Colombia -- Evidencias y experiencias de la transformación del poder de Estado en poder | |
| 650 | 1 | 4 |
_aEstado _zColombia _92347 |
| 650 | 1 | 4 |
_aPoder (Ciencias sociales) _zColombia _92348 |
| 650 | 1 | 4 |
_aDemocracia _zColombia _92349 |
| 650 | 1 | 4 |
_aPolítica y gobierno _zColombia _92350 |
| 942 |
_2ddc _cBK |
||